000 01072nam a2200229Ia 4500
001 L871-38080
003 IT-CnALBA
008 170116s9999||||xx |||||||||||||| ||und||
040 _aIT-CnALBA
_cIT-CnALBA
041 _aLATINO
100 _aCICERONE MARCO TULLIO
245 0 _aM. TULLII CICERONIS EPISTULAE. VOL. III. EPISTULAE AD QUINTUM FRATREM... AD M. BRUTUM. FRAGMENTA EPISTULARUM.
250 _a1a ed.
260 _a ONOXII
_bCLARENDONIANUS TYPOGRAPHEUS
_c1958 [1° Ed.:1958 - Ed.Ling.Originale: 1958]
300 _a231 p. (prefazione: 6)
500 _aNOTE CRITICHE DI WATT W.S. INDICE ONOMASTICO. LETTERA AL FRATELLO QUINTO. A BRUTO. FRAMMENTI DI VARIE LETTERE. APPENDICE. DIZIONARIETTO GRECO.
501 _aSocietà San Paolo EM - Piazza San Paolo, 14 - 12051 ALBA (CN) (non commercial uses only) ® Copyright 2017
520 _aNOTE CRITICHE DI WATT W.S. INDICE ONOMASTICO. LETTERA AL FRATELLO QUINTO. A BRUTO. FRAMMENTI DI VARIE LETTERE. APPENDICE. DIZIONARIETTO GRECO.
650 _aPROSE E POESIA LATINA
942 _cBK
957 _71
999 _a42852
_bNO
_g Copie: 1
_c296887
_d296887